000 00434nam a2200145Ia 4500
008 151015s9999 xx 000 0 und d
020 _a9.7807619606e+012
050 _aHA 29 .D44 2006
245 _aDiamond Ian
250 _a_Beginning Statistics An introduction for social scientists / Ian Diamond
300 _aLondon : Sage , 2006
500 _aIncludes index
650 _a_Statistics
700 _a^d20120120 10:33:44^oanne
999 _c3301
_d3301